Fußballlogos Teil 3 - Statistiken

Allgemein
  • Dieses Quiz wurde 151 mal gespielt
  • Das Durchschnittsergebnis liegt bei 10 aus 16
Antwortstatistiken
Bildquiz Antwort % Korrekt
Waldhof Mannheim
81%
Stuttgarter Kickers
78%
SV Meppen
78%
VfB Oldenburg
76%
Kickers Offenbach
74%
VfR Aalen
74%
BFC Dynamo
67%
Viktoria Berlin
66%
SG Wattenscheid
64%
Eintracht Trier
55%
Wormatia Worms
54%
RW Essen
50%
TuS Koblenz
50%
FV Illertissen
49%
RW Erfurt
39%
Viktoria Aschaffenburg
25%
Keine übereinstimmenden Quizze gefunden
Verteilung der Resultate
Anzahl Personen mit jedem Resultat
Perzentil nach korrekt beantworteten Fragen
Ihre Resultats-Entwicklung
Sie haben dieses Quiz noch nicht gespielt